[Event "Biel Credit Suisse"]
[Site "Biel"]
[Date "1997.07.23"]
[Round "3"]
[White "Karpov, Anatoly"]
[Black "Lautier, Joel"]
[Result "1-0"]
[WhiteElo "2745"]
[BlackElo "2660"]
[Annotator "Ribli,Z"]
[PlyCount "79"]
[EventDate "1997.07.20"]
[EventType "tourn"]
[EventRounds "10"]
[EventCountry "SUI"]
[EventCategory "17"]
[SourceTitle "CBM 060"]
[Source "ChessBase"]
[SourceDate "1997.09.29"]
[SourceVersion "1"]
[SourceVersionDate "1997.09.29"]
[SourceQuality "1"]

1. d4 {Karpov} Nf6 2. c4 e6 3. Nf3 d5 4. Nc3 dxc4 5. e4 (5. Qa4+ Nbd7 6. e4 a6
7. Bf4 b5 8. Nxb5 axb5 9. Qxa8 Bb4+ 10. Bd2 Nb6 11. Qc6+ Bd7 12. Qb7 Bc8 13.
Qc6+ Bd7 {Und hier wurde Remis gegeben. Karpov-Polgar,J.Dortmund 1997.}) 5...
Bb4 {Das ist die sogenannte Wiener Variante, die ein Spiel mit verteilten
Chancen gibt} 6. Bg5 c5 7. Bxc4 cxd4 8. Nxd4 Bxc3+ 9. bxc3 Qa5 {Weiß hat
Entwicklungsvorteil, aber er hat strukturelle Schwächen. Nach meiner Meinung
ist die ganze Variante verdächtig für Schwarz, funktioniert aber gut in der
Turnierpraxis.} 10. Nb5 {Das ist Karpovs Lieblingsvariante. Er hat das schon
zwei Mal gegen Timman ausprobiert in dem vorletzten FIDE-WM Wettkampf.} (10.
Bb5+ $5) 10... Nxe4 (10... Bd7 11. Nd6+ Ke7 12. Qd2 Bc6 13. f4 Nbd7 14. Rd1 $1
Rhd8 15. Qd4 $1 h6 16. Bh4 Qh5 17. Bf2 Kf8 18. e5 {1-0 Karpov,A-Timman,J/
FIDE-Wch 1993 (32)}) (10... O-O 11. Bxf6 gxf6 12. Qg4+ Kh8 13. Qh4 Nd7 14. Rd1
a6 15. Rd3 $1 {Razuvajev,Y-Drasko,M/Protvino/1988/}) (10... a6 11. Nd6+ Ke7 12.
Bf4 (12. Qd2 Nc6 13. Rd1 $5 Rd8 14. O-O Qc5 $1 (14... h6) 15. e5 Qxe5 16. Bf4
Qc5 17. Qb2 (17. Qe2 Na5 18. Be5 Rd7 19. Nf5+ Kd8 20. Nxg7 Nxc4 21. Bxf6+ Kc7
22. Bd4 Qc6 23. Ne8+ {1/2-1/2 Naumann,F-Wegner,H/Hamburg Wichern op 1993 (41)})
17... b5 $1 18. Be3 Qe5 19. Qa3 Ng4 $3 20. Bg5+ $1 $8 Qxg5 21. Nxc8+ Kf6 22.
Rxd8 Nxd8 23. Nb6 $1 {Kuzmin,A-Akopian,V/USSR (ch)/1991/0.5 (52)}) 12... Nc6
13. Qb3 Nd4 14. Nxc8+ Kf8 15. Qb2 Rxc8 16. O-O Nf3+ 17. gxf3 Rxc4 18. Qxb7 {
1-0 Podgaets,M-Maljutin,E/Alushta op 1993 (42)}) 11. Bf4 (11. Qd4 O-O $1 12.
Qxe4 a6 13. Be7 axb5 14. Bb4 {1/2-1/2 Karpov,A-Timman,J/FIDE-Wch 1993 (27)})
11... O-O 12. O-O Bd7 (12... Nd7 $1 13. Nc7 $6 (13. Re1 $44) 13... e5 14. Nxa8
exf4 15. Bd5 Ndf6 (15... Nxc3 $2 16. Qd2) (15... Nef6 $5) 16. Bxe4 Nxe4 {
Karpov,A-Timman,J/FIDE-Wch 1993/1-0 (53)}) (12... Nc6 13. Bc7 $1 b6 14. Qf3 $36
) 13. a4 {Weiß stabilisiert seine Springerstellung auf b5, und in einigen
Varianten leidet die schwarze Dame an Felderarmut.} (13. Nc7 e5 14. Nxa8 exf4
15. Qd5 Nc5 $13 {[%csl Ra8]} (15... Qxd5 16. Bxd5 Nd6 (16... Nxc3 17. Bxb7) 17.
Rfd1 {[%cal Gd1d7]} (17. Nc7 Rc8)) (15... Nc5 $1 {Karpov} 16. Bb5 $140 Rc8 {
>< Na8})) 13... Bc6 (13... Nxc3 14. Nxc3 (14. Qd2 $6 Bxb5 15. axb5 Qb4 16. Bd6
Ne2+ $1 (16... Qxc4 17. Bxf8) 17. Qxe2 Qxd6 $17) 14... Qxc3 15. Rc1 (15. Bxb8
Qxc4 (15... Raxb8 16. Rc1 (16. Qxd7 Qxc4))) 15... Qa5 (15... Qb4 16. Bxb8 (16.
Bd6 Qxa4 17. Bxf8 Kxf8 $15) 16... Bxa4 17. Qd6 Qxd6 18. Bxd6) 16. Bxb8 Bxa4 17.
Bc7 (17. Ra1 b5 18. Bg3 Bxd1 (18... bxc4 19. Qxa4 $16) 19. Rxa5 $16)) (13...
Bxb5 $2 {Karpov} 14. axb5 Qxc3 15. Qe2 $1 Qd4 (15... Nf6 $16) (15... Nc5 $2 16.
Be5 Qb4 17. Rfb1 $18) 16. Rfd1 $18) 14. Qg4 {/\ Bh6, Be5} (14. Qd4 {Karpov} Na6
{/\ Rad8}) (14. Be5 {Karpov} Nd7 15. Bc7 b6 $13) 14... Nf6 (14... Nd7 15. Bh6
$16) 15. Qe2 $44 {Weiß hat das Läuferpaar, lebendiges Figurenspiel, aber
Schwarz hat keine besondere Schwächen, obwohl seine Dame passiv steht.} a6 (
15... Nbd7 $5 16. Bc7 {Weiß muß konkrete Drohungen suchen, sonst hat Schwarz
eine gute Stellung..} b6 (16... Nb6 17. Bd6 Rfd8 18. Bb4 (18. Bd3 Bxb5 19. axb5
Qxc3) 18... Qa6 19. Bd3 (19. Nc7 Qxc4 $19) 19... Nxa4 (19... Rxd3 20. Qxd3 Nxa4
21. c4) 20. Nd4 b5 (20... Qb6 21. Nxc6 Qxc6 22. Bb5 Nxc3) 21. Nxc6 Qxc6 22.
Bxb5 Nxc3) (16... Qa6 $2 17. Nd6 $18) 17. Bd6 {[%csl Ra5] Und Weiß droht 18.
Bb4 nebst 19.Nc7.}) (15... Na6 {Karpov} 16. Be5 Nd7 17. Bd6 $36) 16. Nc7 Ra7
17. Qe3 b6 (17... e5 {Karpov} 18. Qxa7 (18. Qxe5 Qxe5 19. Bxe5 $16) 18... exf4
19. Nb5 $16) {[#]} 18. Nxe6 $1 Nd5 (18... fxe6 19. Bxb8 Rxb8 20. Qxe6+ Kh8 21.
Qxc6 Qxc3 $14 {Weiß hat eine aktive Stellung, und die schwarze Königsstellung
ist ein wenig geschwächt.}) (18... Re7 {Karpov} 19. Bd6 $1 Nd5 20. Qg3 fxe6 (
20... Rxe6 21. Bxf8 Rg6 (21... Kxf8 22. Qxb8+) 22. Qxb8 Rxg2+ 23. Kh1 $1 $18 (
23. Kxg2 $4 Nf4+ 24. Kg3 Qg5#)) 21. Bxd5 $1 $18) 19. Qg3 fxe6 20. Bxb8 $14 {
Weiß hat das Läuferpaar und einige Drohungen am Königsflügel. Die schwarze
Dame spielt eine passive Rolle auf a5.} Raf7 21. Bd6 {[%csl Gd6]} Re8 (21...
Rc8 {Karpov} 22. Bb4 $1 Nxb4 23. cxb4 Qf5 (23... Qxb4 24. Bxe6) 24. Bxa6 Ra8
25. Bd3 Qf4 26. Qh3 $18) 22. Rfe1 {[%cal Ge1e7,Ge1e8]} Kh8 (22... Qxc3 $2 23.
Qxc3 Nxc3 24. Bxe6 $16) 23. Be5 {Weiß steht aktiver. Er ist besonders stark
auf den schwarzen Felden.} Nf6 24. Bd4 (24. Bd3 $5 {Karpov} Nh5 $6 (24... Qd5
25. c4) 25. Qh4 Qd5 26. Be4 $1) 24... Ne4 25. Qh4 Nd6 (25... Nxc3 26. Bd3 {
[%cal Rd4h8,Rd3h7,Rh4h7]} h6 27. Qxh6+ $18) 26. Bd3 (26. Re5 $142 $1 {Karpov}
Nxc4 27. Rxa5 bxa5 28. Re1 (28. Bxg7+ $2 Rxg7 {>< g2}) 28... Bd5 29. f3 $18)
26... Nf5 $8 (26... h6 27. Qxh6+ $18) 27. Qh5 Kg8 28. Re5 {[%csl Ge5]} b5 29.
Rae1 (29. Bxf5 exf5 30. Rxf5 {Weiß hat einen Bauern mehr, aber auf dem Brett
gibt es ungleichfarbige Läufer, und Schwarz hat eine aktive Stellung. Karpov
versteht es, den positionellen Druck zu erhöhen.} (30. Rxe8+ {Karpov} Bxe8 31.
Qe2 $14 (31. Re1 $2 Re7))) 29... g6 (29... Qxa4 $2 30. Bxf5 Rxf5 31. Rxf5 g6 (
31... exf5 32. Rxe8+ $18) 32. Qh6) 30. Qe2 Nxd4 31. cxd4 Qd8 (31... Ref8 $142
$5 {Karpov}) 32. axb5 axb5 (32... Bxb5 33. Bxb5 axb5 34. d5 (34. Rxb5 Qxd4 {
Weiss hat bessere Bauernstellung,aber dieser Vorteil ist wenig.Ribli.}) (34.
Rxe6 Ref8 {[%csl Rf2]}) (34. Rd1 {[%csl Rb5,Re6]} b4 35. Rxe6 $16) 34... Ref8
35. dxe6 Rxf2 36. Qxb5 $16) 33. Qe3 Ref8 34. Re2 $5 {Karpov schwächt nicht die
Bauern am Königsflügel.} (34. f3 Rf4 (34... Bxf3 $1 {Karpov} 35. gxf3 Rxf3 36.
Qe2 (36. Qe4 R8f4) 36... Qxd4+ 37. Re3 b4 $11)) 34... Rf4 35. Rxe6 (35. Be4 $14
{Karpov}) 35... Rxd4 (35... Qd5 36. f3 Rxd4 37. Bc2 $16 {[%cal Gc2b3,Gb3g8]})
36. Bc2 {Das Material ist reduziert, aber es gibt noch Feinheiten auf dem
Brett.Weiß kontrolliert das Feld d1 mit dem Läufer und droht 37.Bb3.} Rd6 $2 {
Fehler in schlechter Stellung - und in Zeitnot?} (36... Rf6 37. Re7 $5 $40 (37.
Bb3 Rxe6 38. Qxe6+ Kg7 39. Qe5+ (39. Qxc6 $2 Rd1+ 40. Bxd1 Qxd1+ $19) 39... Kh6
(39... Qf6 $2 40. Qxf6+ Kxf6 41. Re6+ $18) 40. Re3 Rd3 (40... Rd1+ $2 41. Bxd1
Qxd1+ 42. Re1) 41. h4 (41. Qf4+ Kg7 (41... g5 $2 42. Re6+ $18)) 41... Rxe3 42.
Qxe3+ Kg7 43. Qc3+ Qf6)) 37. Bb3 $18 Kh8 (37... Kg7 38. Re7+ (38. Qc3+ Rf6 39.
Rxd6 Qxd6 40. Re6 Qf4 41. f3 $16) 38... Kh8 39. Qc3+ (39. Rd2 $1 $18) (39. h3 {
Karpov /\ 40.Qh6+-}) (39. Qh6 $2 Rf7 $3 40. Bxf7 Qxe7 $1) 39... Rff6 40. R2e6
$18) 38. Qc3+ Rf6 39. Rxd6 Qxd6 40. Re6 {Und Schwarz muß aufgeben, da er
keinen Zug mehr hat.} 1-0

[Event "FIDE-Wch k.o."]
[Site "Groningen"]
[Date "1997.12.16"]
[Round "3.5"]
[White "Vaganian, Rafael A"]
[Black "Akopian, Vladimir Eduardovic"]
[Result "1/2-1/2"]
[WhiteElo "2640"]
[BlackElo "2660"]
[Annotator "Ribli,Z"]
[PlyCount "71"]
[EventDate "1997.12.09"]
[EventType "k.o."]
[EventRounds "7"]
[EventCountry "NED"]
[SourceTitle "CBM 063"]
[Source "ChessBase"]
[SourceDate "1998.03.26"]
[SourceVersion "1"]
[SourceVersionDate "1998.03.26"]
[SourceQuality "1"]

1. Nf3 d5 2. d4 Nf6 3. c4 e6 4. Nc3 dxc4 {Es ist interessant, daß Akopian die
Wiener Variante wählt, obwohl seine Hauptwaffe sonst die Slawische
Verteidigung ist. Andererseits hat er die Wiener Variante häufig schon mit
Weiß gespielt. Ribli.} 5. e4 Bb4 6. Bg5 c5 7. Bxc4 cxd4 8. Nxd4 Bxc3+ 9. bxc3
Qa5 10. Bxf6 (10. Bb5+ $5) 10... Qxc3+ 11. Kf1 gxf6 12. Bb5+ Ke7 13. Rc1 {
Dieser alte Zug bietet nach meiner Meinung dem Weißen keinen Vorteil.} (13. h4
{[%cal Gh1h3,Gh3b3] verbunden mit der Idee Rh3 und der Turm kommt auf der 3.
Reihe ins Spiel ist hier die beste weiße Möglichkeit.}) 13... Qa5 14. Qc2 $5 {
[%cal Rc2c5,Rc5e7]} (14. e5 $5 {das ist die Grundstellung der bekannten
Remisvariante.} fxe5 15. Qh5 Nd7 16. Qg5+ Kf8 (16... Kd6 $2 17. Be2 {[%csl Rd6]
} a6 18. h4 h6 19. Qg7 Rf8 20. Nb3 Qd8 21. Qxh6 a5 22. Rh3 $40 {[%cal Rh3d3,
Rd3d6]}) 17. Rxc8+ (17. Qh6+ $6 Ke8 18. Qg7 Rf8 19. Qxe5 Qd2 20. Nb3 Qb4 21.
Qh5 a6 22. Bd3 b5 23. Re1 Nf6 24. Qe5 Nd5 25. Nd4 Bb7 26. h4 Rd8 {0-1 Kaidanov,
G-Ivanchuk,V/Lvov 1987 (34)}) 17... Rxc8 18. Bxd7 Qd8 $1 19. Nxe6+ fxe6 20.
Qh6+ Kf7 21. Qxe6+ Kf8 22. Qf5+ Ke7 $10 {= Oll,L-Dokhoian,Y/Vilnius 1988})
14... Qb6 (14... Na6 $5 15. Bxa6 (15. Qc4 Bd7 (15... Rd8 $2 16. Bxa6 Qxa6 17.
Qxa6 bxa6 18. Nc6+ $16) 16. Bxd7 Kxd7 {[%csl Rd7] Der schwarze König steht in
der Mitte, aber es ist nicht leicht für Weiß, konkrete Drohungen zu schaffen.})
(15. Qd3 Rd8 16. Bxa6 e5 $1 (16... Qxa6 17. Qxa6 bxa6 18. Nc6+ $16) 17. Qb5
Qxb5+ 18. Nxb5 bxa6 19. Nc7 Rb8 20. Nd5+ $15) (15. h4 Rd8 {[%csl Rb5,Rd4]} 16.
Bxa6 Qxa6+ $15) (15. a4 $5) 15... Qxa6+ 16. Kg1 Qa5 (16... Rd8)) (14... Rd8 $2
15. Qc5+ Rd6 16. Qxc8 Rxd4 17. Qxb7+ $18 (17. Rc7+ Nd7 18. Rxd7+ $18) (17. Qe8+
Kd6 18. Qf8+ Ke5 19. Rc5+ $18)) 15. Qc3 Bd7 $146 (15... Rd8 16. Qa3+ Qd6 17.
Rc7+ Bd7 $1 18. Qxd6+ Kxd6 19. Rxb7 Bxb5+ 20. Rxb5 Kc7 21. Rc5+ Kb6 22. Rc4 e5
23. Nc2 Rd1+ 24. Ne1 Nc6 $17 {Ftacnik,L 0-1 Arkell,K-Wells,P/London WFW 1991 
(46)}) 16. Qb4+ (16. Bxd7 Nxd7 17. Qa3+ Qd6 18. Qxd6+ Kxd6 $15) 16... Qd6 (
16... Kd8 17. Qc4 $44 {[%csl Rd8]} (17. Rd1 a6 18. Qa4 $13)) (16... Ke8 $2 17.
Rc8+ $18) 17. Qxd6+ Kxd6 $15 {Schwarz kann mit dem Eröffnungsergebnis
zufrieden sein. Nach dem Damentausch ist der weiße Angriff natürlich weniger
gefährlich.} 18. Ke2 {[%cal Gh1d1,Gd1d6]} Nc6 (18... a6 19. Bxd7 (19. Rhd1 axb5
20. Nc6+ (20. Nf5+ Ke5 21. Rc5+ Kf4 $19 {Der schwarze König steht sehr
schlecht, aber es gibt nichts Konkretes.} (21... Kxe4 $4 22. Rd4#)) (20. Nxb5+
Ke7 $19) 20... Kc7 21. Nxb8+ Bc6 $17) 19... Nxd7 20. Rhd1 Ke7 21. Rc7 $14) 19.
Rhd1 Kc7 (19... Ke7 $6 20. Bxc6 bxc6 21. Nxc6+ Bxc6 22. Rxc6 Rhc8 23. Rdc1 $14)
20. Rd3 {[%cal Rd3c3,Rc3c7]} Rhg8 (20... Rac8 $5) 21. Rdc3 $1 (21. g3 Rac8 $15
(21... Rg5 22. Rdc3 $14 {[%cal Rc1c7]}) (21... e5 22. Nxc6 bxc6 23. Rdc3 (23.
Rxd7+ Kxd7 24. Bxc6+ Kd6 25. Bxa8 Rxa8 $11) 23... Rab8 24. Bxc6 Rb2+ 25. Ke3
$14)) 21... Rxg2 22. Nxc6 Bxc6 23. Bxc6 bxc6 24. Rxc6+ Kd7 25. Rc7+ Ke8 26. Rb7
$11 {[%csl Re8][%cal Rc1c7] Weiß droht 27.Rcc7 mit Turmverdoppelung auf der 7.
Reihe, was eine starke Kompensation für den Bauern bedeutet.} a5 27. Rcc7 Rg7
$8 {Schwarz steht sehr passiv, aber Weiß kann keine Fortschritte machen.} 28.
a4 (28. Ra7 $2 Rxa7 29. Rxa7 Rg5 $15) 28... h5 29. h4 Kf8 {Der schwarze König
hat in dieser Partie stets Probleme. Jetzt strebt er zum Königsflügel, nachdem
es zu gefährliche wäre, auf e8 zu bleiben.} 30. Ke3 Kg8 31. f3 (31. Ra7 Rxa7
32. Rxa7 Rg4 33. Rxa5 Rxh4) 31... e5 32. Rc6 (32. Ra7 Rxa7 33. Rxa7 Rg2 34.
Rxa5 Ra2 $11) 32... Rg6 33. Rbc7 (33. Rcc7 Rg7 $11) 33... Kg7 34. Rc8 Rxc8 35.
Rxc8 Rg2 36. Rc5 {und es wurde in gleicher Stellung remis vereinbart. Ribli.} (
36. Rc5 Rh2 37. Rxa5 Rxh4 38. Rb5 Rh1 39. a5 Ra1 (39... Kg6) 40. f4 $11)
1/2-1/2

[Event "Kiev Spring"]
[Site "Kiev"]
[Date "2000.03.23"]
[Round "2"]
[White "Malakhatko, Vadim"]
[Black "Galinsky, Timofey"]
[Result "1-0"]
[WhiteElo "2568"]
[BlackElo "2424"]
[Annotator "Ribli,Z"]
[PlyCount "124"]
[EventDate "2000.03.22"]
[EventType "tourn"]
[EventRounds "11"]
[EventCountry "UKR"]
[EventCategory "11"]
[SourceTitle "CBM 077"]
[Source "ChessBase"]
[SourceDate "2000.07.27"]
[SourceVersion "1"]
[SourceVersionDate "2000.07.27"]
[SourceQuality "1"]

1. d4 Nf6 2. c4 e6 3. Nf3 d5 4. Nc3 dxc4 {Die sogenannte Wiener-Variante führt
zu konkretem taktischen Kampf mit lebendigem Figurenspiel.} 5. e4 Bb4 6. Bg5 c5
7. Bxc4 {Die Alternative - 7.e5 - ist ein seltener Gast in der modernen
Turnierpraxis.} cxd4 8. Nxd4 Bxc3+ (8... Qa5) 9. bxc3 Qa5 10. Bb5+ {Die
Alternativen sind 10.Nb5 und 10.Bxf6, aber der Textzug ist eigentlich die
Hauptvariante.} Nbd7 (10... Bd7) 11. Bxf6 Qxc3+ 12. Kf1 gxf6 {Schwarz hat
einen Bauern mehr, aber der schwarze König steht weniger unsicher auf e8 als
der weiße auf f1.} 13. Nxe6 $6 {Dieser Zug wird als weniger gut für Weiß
eingeschätzt. Die Alternativen 13.Rc1 und 13.h4 sind gefährlicher.} Qe5 (13...
fxe6 14. Rc1 Qe5 15. Rxc8+ $18) 14. Nd4 (14. Ng7+ $6 Kf8 15. Nf5 Qxb5+ 16. Kg1
Qe5 $1 17. h4 Rg8 18. Rh3 Rg6 19. Rc1 Nb6 20. Qd8+ Qe8 21. Qd6+ Kg8 22. Re3 Be6
23. h5 Rg5 {0-1 Lobron,E-Polgar,Z/Dortmund 1990/CBM 18/[Polgar,Zsu] (38)})
14... a6 $6 {Dieser Zug ist nicht schlecht, aber Schwarz hat eine viel bessere
Fortsetzung. Nach der Rochade stehen die weißen Leichtfiguren unglücklich.} (
14... O-O $1 15. Rc1 (15. Qg4+ Kh8 16. Rd1 Nc5 17. Nf5 Bxf5 18. exf5 Rad8 19.
Re1 Ne4 20. Be2 {0-1 Westin,B-Hedman,E/Stockholm 1994/EXT 2000 (20)}) 15... Rd8
16. f4 Qxf4+ 17. Nf3 Nf8 18. Qe1 Bg4 19. Kf2 Bxf3 20. gxf3 Rd2+ 21. Be2 Rad8 {
0-1 Umanskaya,I-Tazhieva,L/Azov 1991/EXT 97 (43)}) 15. Ba4 O-O 16. Nf3 {
Dank 14...a6?! kann Weiß den Springer befreien, denn der Läufer steht - und
hängt damit - nicht auf b5.} Qe7 $13 {Die Stellung ist materiell gleich. Der
weiße König steht nicht besonders gut auf f1, aber Schwarz hat einen
Doppelbauern auf der f-Linie.} (16... Qxe4 17. Bc2 $44) 17. Qe2 (17. Bc2 Ne5
$13 (17... Nc5 $13)) 17... Ne5 (17... Nc5 $13) 18. Nxe5 Qxe5 {Schwarz ist
nicht in Sorge wegen seiner schlechten Bauernstruktur und nimmt mit der Dame
zurück. In der Tat ist der Doppelbauer leicht zu verteidigen.} (18... fxe5 19.
Bb3 Be6 $11) 19. Re1 Be6 $11 20. Bb3 Bxb3 (20... Rac8 $11) 21. axb3 Rac8 22. h4
{[%cal Gh1h3,Gh3b3] Das ist ein für diese Variante typisches Motiv - der Turm
kommt über die dritte Reihe ins Spiel.} Rc3 23. Rh3 Rd8 (23... Rxh3 24. Qg4+
Kh8 25. Qxh3 $11) 24. Kg1 Rxh3 (24... Kh8 $11) 25. Qg4+ Kh8 26. Qxh3 Qf4 {
[%csl Gf4][%cal Gd8d1] Die schwarzen Figuren stehen aktiv, die theoretische
Schwäche des Dppelbauern hat keine Bedeutung. Er hat eine bequeme Stellung.}
27. Qc3 $5 {Weiß opfert den Ph4, aktiviert dadurch aber die Dame.} Kg7 (27...
Qxh4 28. Qb4 Rb8 29. Qe7 $44) 28. e5 (28. g3 Qe5 $11) 28... fxe5 {Das ist eine
einfache Lösung - Schwarz kümmert sich nicht um den Ph4.} (28... Qxh4 29. e6
Qf4 (29... fxe6 $4 30. Qc7+ {[%cal Rc7d8,Rc7g7]}) 30. e7 Re8 31. Qd3 Qc7 32.
Qe4 $44) 29. Rxe5 Rd1+ 30. Re1+ Qd4 31. Qg3+ (31. Qxd4+ Rxd4 32. g3 $11) 31...
Kf8 32. Rxd1 {In dieser konkreten Stellung hat Weiß, glaube ich, in einem
Turmendspiel bessere Remischancen.} (32. Qb8+ Qd8 33. Qxd8+ Rxd8 34. Kf1 $11)
32... Qxd1+ 33. Kh2 Qd5 {[%mdl 4096] Im Damenendspiel hat Schwarz
mikroskopischen Vorteil aufgrund seiner Bauernmehrheit am Damenflügel.} 34. Qe3
Qf5 35. f3 Qe6 36. Qc3 (36. Qxe6 $2 fxe6 {Das Bauernendspiel - mit entferntem
Mehrbauern - ist vorteilhaft für Schwarz.}) 36... f6 37. f4 Kg7 38. Qg3+ Kf7
39. Qf3 Qd7 40. h5 $6 {Dieser Zug schwächt die weiße Bauernstellung.} (40. g4
$11) 40... b5 {Schwarz mobilisiert seine Mehrheit am Damenflügel. Dieser Zug
scheint logisch, weil der Pa6 den Pb5 verteidigt, in Wirklichkeit aber
verlieren die schwarzen Bauern auf diese Weise ihre Elastizität.} (40... a5
$142 $5) 41. b4 {Mit diesem Zug legt Weiß die schwarzen Bauern am Damenflügel
fest.} Kg7 {[%csl Rh5][%cal Gg7h6]} 42. Kg3 $6 (42. g4 Qd2+ 43. Kg3 Qxb4 44.
Qb7+ Kh6 45. Qxa6 $11) 42... Qe7 43. Qc3 Kh6 $15 {Der weiße Ph5 ist schwach,
aber die Anwesenheit der Damen auf dem Brett macht ein Remis wahrscheinlich.}
44. Kf3 (44. Qc5 Qe1+ 45. Kg4 Qe2+ 46. Kg3 Qxh5 (46... Qe4 $6 47. Qf8+ Kxh5 48.
Qxf6 $14) 47. Qf8+ Kg6 48. Qe8+ $11) 44... f5 $1 {Dieser Zug schneidet den
weißen Ph5 von der Verteidigung ab.} 45. Qc5 $2 (45. Qe5 $5 Qxe5 46. fxe5 Kxh5
47. Ke3 Kg6 48. Kf4 h6 49. g3 h5 50. Ke3 Kg5 (50... Kf7 51. Kf3 $11 Ke6 $4 52.
Kf4 $18) 51. Kf3 $11) (45. g4 fxg4+ 46. Kxg4 Qe2+ 47. Kf5 Qxh5+ 48. Kf6 $15)
45... Qe4+ 46. Kg3 Kxh5 $17 {Schwarz hat einen Mehrbauern und gute
Gewinnchancen.} 47. Qa7 {[%cal Ra7a6,Ra7h7]} Qe1+ 48. Kf3 Qd1+ (48... Qxb4 $4
49. Qxh7#) 49. Kf2 Kg4 $2 $11 {Dieser natürliche Zug ist schlecht. Es wäre
viel besser, die Dame - das ist ein Schlüsselmotiv in Damenendspielen - zu
aktivieren.} (49... Qd2+ $142 50. Kf3 Qd3+ 51. Kf2 Kg4 $17) 50. Qe3 $5 {
Droht 51.Qg3+ nebst 52.Qg5 Matt. Es scheint, als könne sich der schwarze König
nicht befreien.} (50. Qg7+ $1 {Dieser Zug führt zu Dauerschach.} Kxf4 51. Qh6+
Ke4 (51... Ke5 52. Qe3+) 52. Qe3+ Kd5 53. Qc5+ Ke6 54. Qe3+ Kd7 (54... Kf7 55.
Qa7+ Ke8 56. Qe3+ Kd8 (56... Kf8 57. Qc5+ Kg8 58. Qc8+ Kg7 59. Qb7+ $11) 57.
Qb6+ $11) 55. Qa7+ $11) 50... Qc2+ 51. Kg1 Qe4 $2 {Nach diesem Zug entsteht
ein remisiges Bauernendsiel - das ist ungewöhnlich für ein Bauernendspiel mit
Mehrbauern.} (51... Qc6 52. Kf2 Kh5 $17) 52. Qxe4 fxe4 53. g3 $11 h5 54. Kf2 {
[#]} e3+ $4 {[%mdl 8192]} (54... h4 55. gxh4 Kxf4 (55... Kxh4 $2 56. Ke3 $18)
56. h5 (56. Ke2 Kg4 57. Ke3 Kxh4 58. Kxe4 Kg4 $11) 56... Kg5 57. Ke3 Kxh5 58.
Kxe4 Kg4 59. Kd5 Kf5 60. Kc6 Ke6 61. Kb6 Kd6 (61... Kd5 62. Kxa6 Kc4 $2 63. Ka5
$18) 62. Kxa6 Kc6 63. Ka5 Kc7 64. Kxb5 Kb7 $11) (54... Kf5 55. Ke3 Kg4 56. Kf2
$11 (56. Kxe4 $6 Kxg3 57. f5 h4 58. f6 h3 59. f7 h2 60. f8=Q h1=Q+ 61. Kd4 $11)
) 55. Kxe3 Kxg3 56. f5 h4 57. f6 h3 58. f7 h2 59. f8=Q h1=Q 60. Qf4+ {Nach
diesem Zug kann Weiß die Damen tauschen, und der schwarze König befindet sich
zu weit ab vom Damenflügel.} Kh3 61. Qh6+ Kg2 62. Qxh1+ Kxh1 (62... Kxh1 63.
Kd4 Kg2 64. Kc5 Kf3 65. Kb6 Ke4 66. Kxa6 $18) 1-0